00566cam a22002052 4500001001100000005001700011008004100028020001700069040001500086050002100101100003400122245005000156250001200206260004000218300001600258650002500274650002300299650003500322852000300357000001916120151021151131.0101018s xx 000 0 eng d a0321469542 : aKABUcKABU 0aHG173b.H83 20081 aHubbard, R Glenn.@000015242610aMoney, the financial system, and the economy. a6th ed. aBoston :bPearson Education,c2008. axxx, 686 p. 0aFinance.@0000148330 0aMoney.@0000152427 0aBanks and Banking.@00001524281